000 00223nam a2200085Ia 4500
008 170620s9999 xx 000 0 und d
100 _aPruthi- R. K.
245 0 _aEducational Psychology
260 _bNew Delhi- Discovery Publishing House
260 _c2005
999 _c24193
_d24193